G1 Transformers From 1987 - Statistics

General Stats
  • This quiz has been taken 87 times
  • The average score is 37 of 56
Answer Stats
Hint Answer % Correct
Headmaster Chromedome
85%
Throttlebot Chase
81%
Targetmaster Crosshairs
81%
Headmaster/City Fortress Maximus
81%
Double Agent Punch
81%
Targetmaster Sureshot
81%
Technobot Afterburner
77%
Technobot Computron
77%
Headmaster Hardhead
77%
Technobot Scattershot
77%
Targetmaster Triggerhappy
77%
Throttlebot Wideload
77%
Terrorcon Abominus
73%
Headmaster Horrorcon Apeface
73%
Headmaster Brainstorm
73%
Headmaster/City Cerebros
73%
Headmaster Highbrow
73%
Cassette Overkill
73%
Headmaster/City Scorponok
73%
Six Changer Sixshot
73%
Targetmaster Slugslinger
73%
Technobot Strafe
73%
Throttlebot Freeway
69%
Technobot Nosecone
69%
Terrorcon Sinnertwin
69%
Cassette Slugfest
69%
Clone Cloudraker
65%
Clone Fastlane
65%
Targetmaster Hot Rod
65%
Targetmaster Kup
65%
Headmaster Mindwipe
65%
Throttlebot Rollbar
65%
Headmaster Horrorcon Snapdragon
65%
Terrorcon Blot
62%
Terrorcon Cutthroat
62%
Targetmaster Cyclonus
62%
Throttlebot Goldbug
62%
Terrorcon Hun-Grrr
62%
Technobot Lightspeed
62%
Targetmaster Misfire
62%
Targetmaster Pointblank
62%
Clone Pounce
62%
Targetmaster Scourge
62%
Throttlebot Searchlight
62%
Headmaster Skullcruncher
62%
Headmaster Weirdwolf
62%
Clone Wingspan
62%
Targetmaster Blurr
58%
Monsterbot Repugnus
58%
Terrorcon Rippersnapper
58%
Headmaster/City Cog
50%
Monsterbot Doublecross
42%
Duocon Battletrap
38%
Duocon Flywheels
38%
Monsterbot Grotusque
38%
Headmaster/City Fasttrack
27%
No matching quizzes found
Score Distribution
Percent of People with Each Score
Percentile by Number Answered
Your Score History
You have not taken this quiz